| 000 | 01371cab a22001935a 4500 | ||
|---|---|---|---|
| 001 | L156803 | ||
| 008 | 120716e2011 xxk 000 0 eng d | ||
| 035 | _a(Sirsi) u156803 | ||
| 041 | 0 | _aeng | |
| 245 | 0 | 0 |
_aTrustees of Beardsley Theobalds Retirement Benefit Scheme v Joshua Yardley _h[electronic resource] |
| 260 | _c2011 | ||
| 520 | _a[2011] EWHC 1380 (QB), 30 September 2011. In certain circumstances landlords should check that guarantors have been made aware of their commitments. Failure to do so by landlords could render the guarantee unenforceable. Claimants T are the freehold owners of a Nottingham premises leased to Body Care International Ltd (BCIL) in 2003 for a 15 year term. A BCIL company director M, not wanting to become a guarantor of BCIL which he knew to be in financial difficulties, obtained the signature of defendant Y without Y realising that he was then the guarantor. BCIL went into liquidation. T claimed £100 000 from Y. "Held": the court found in favour of Y: the guarantee was unenforceable as Y had been unduly influenced by M. | ||
| 590 | _aKA | ||
| 650 | 2 | 4 | _aTRUSTEES OF BEARDSLEY THEOBALDS RETIREMENT BENEFIT SCHEME V YARDLEY |
| 651 | 4 |
_aEngland and Wales _y1543- |
|
| 690 |
_aLandlord and tenant _96252 |
||
| 856 | 4 | 0 |
_uhttps://www.bailii.org/ew/cases/EWHC/QB/2011/1380.html _zView the decision at www.bailii.org |
| 942 | _n0 | ||
| 999 |
_c84163 _d84163 |
||